000 00850cab a2200241 4500
001 ABS49786
008 090401t1993 xxu||||| |||| 00| 0 eng d
035 _a(Sirsi) u72739
041 _aeng
245 _a1993 round-up
260 _c1993
350 _a0
490 _aEnvironment Information Bulletin
_v(26) December 1993, 12-16(5)
520 _aA summary of legal developments during 1993 in: environmental information, pollution, civil liability, contaminated land, dangerous substances, eco-labelling, management, water and waste.
650 _aCLEAN AIR ACT 1993
650 _aEC DIRECTIVES
650 _aENVIRONMENTAL INFORMATION REGULATIONS 1992
650 _aENVIRONMENTAL PROTECTION ACT 1990
650 _aRADIOACTIVE SUBSTANCES ACT 1993
690 _aENVIRONMENTAL AND LAND CONSULTANCY
942 _n0
948 _c04/03/1997
999 _c45971
_d45971